01235nab a22003017a 4500003000400000005001700004008004100021040000700062100002800069245007400097260004200171300001100213500003600224505024100260505008900501650002000590650003300610650002700643650001300670650001800683650002800701650002400729650001300753650001300766650001600779650002400795773011400819OSt20260223101831.0190506c xxu||||| |||| 00| 0 spa d cPJ aGrisolia, Julio Armando10aUna nueva realidad. Un cambio de paradigma /cJulio Armando Grisolia. aBuenos Aires :bAbeledoPerrot,c2024. ap. 3-6 aCita: TR LALEY AR/DOC/136/2024. aSumario: I. Nuevo escenario de las relaciones laborales. Transformación digital y teletrabajo.— II. Modernización de los marcos normativos. Una nueva forma de proteger.— III. Desafíos del derecho laboral en tiempos de cambios. t¿Te interesa el texto completo? Comunicate al correo: koha@justierradelfuego.gov.ar 0aDERECHO LABORAL 0aTECNOLOGIA DE LA INFORMACION 0aCIENCIA Y TECNOLOGÍA 0aPANDEMIA 0aINFORMÁTICA 0aINTELIGENCIA ARTIFICIAL 0aDERECHO INFORMATICO 0aINTERNET 0aSOFTWARE 0aTELETRABAJO 0aCONTRATO DE TRABAJO0 02751dBuenos Aires : AbeledoPerrot, 2013-tRevista de derecho laboral y seguridad social. Nº 5 - Marzo 2024